Central Library and Information Centre
Sibsagar Girls' College, Sivasagar : Assam

BHARAT KE MOHAN DALIT NETA :AMBEDKAR / JAGJIBAN RAM / KASHIRAM Vs. MAYAWATI (Record no. 8717)

MARC details
000 -LEADER
fixed length control field 00575cam a2200205ua 4500
008 - FIXED-LENGTH DATA ELEMENTS--GENERAL INFORMATION
fixed length control field 160220n II |||gr||||Z||||||hin
040 ## - CATALOGING SOURCE
Original cataloging agency MAIN
041 ## - LANGUAGE CODE
-- English
082 ## - DEWEY DECIMAL CLASSIFICATION NUMBER
Classification number 891.43 SIN
100 ## - MAIN ENTRY--PERSONAL NAME
Personal name SINGH , INJI PREM LAL .
245 ## - TITLE STATEMENT
Title BHARAT KE MOHAN DALIT NETA :AMBEDKAR / JAGJIBAN RAM / KASHIRAM Vs. MAYAWATI
260 ## - PUBLICATION, DISTRIBUTION, ETC.
Place of publication, distribution, etc. DELHI:
Name of publisher, distributor, etc. ABISHKAR PRAKASHAN ,
Date of publication, distribution, etc. 2009.
300 ## - PHYSICAL DESCRIPTION
Extent 120:
Dimensions 20CM.
500 ## - GENERAL NOTE
General note Free Copy by Publisher
700 ## - ADDED ENTRY--PERSONAL NAME
Personal name SINGH , INJI PREM LAL .,
Relator term Author.
700 ## - ADDED ENTRY--PERSONAL NAME
Personal name SINGH, DR. SUDHA.
942 ## - ADDED ENTRY ELEMENTS (KOHA)
Koha item type Books
653 ## - INDEX TERM--UNCONTROLLED
Uncontrolled term Hindi Books
Holdings
Withdrawn status Lost status Damaged status Not for loan Collection code Home library Current library Shelving location Date acquired Full call number Barcode Date last seen Copy number Price effective from Koha item type
        REFASM Central Library and Information Centre Sibsagar Girls College Central Library and Information Centre Sibsagar Girls College Hindi Books 04.02.1984 891.43 SIN 08022 27.02.2020 1 27.02.2020 Books


Sibsagar Girl's College © 2020. All rights reserved.
Powered by Koha.
Maintained by Abhijit Borpuzari.